|
|
|
|
| LEADER |
00000cam a2200000 i 4500 |
| 001 |
1/5365 |
| 008 |
100308m1923 fre d |
| 035 |
|
|
|l 10107135
|
| 040 |
|
|
|a GR-MY-UA
|b gre
|e aacr
|
| 041 |
0 |
|
|a fre
|
| 082 |
0 |
|
|a 516
|2 (22)
|
| 100 |
1 |
|
|a Guichard, C.
|q (Claude),
|d 1861-1924.
|
| 245 |
1 |
0 |
|a Traite de geometrie /
|c par C. Guichard
|
| 250 |
|
|
|a 6e ed.
|
| 260 |
|
|
|a Paris :
|b Vuibert,
|c c1923
|
| 300 |
|
|
|a 496 σ.;
|b σχέδια;
|c 23 εκ.
|
| 505 |
0 |
|
|a Τ. 2. Complements
|
| 650 |
0 |
0 |
|a Geometry.
|
| 740 |
0 |
2 |
|a Complements
|
| 852 |
|
|
|a INST
|b SAMOS
|c MAG
|e 20100308
|h 516 GUI
|p 005300032254
|q 005300032254
|t BK
|v τ.2:
|y 0
|z τ.2
|
| 853 |
|
|
|a INST
|b SAMOS
|c MAG
|h 516 GUI
|
| 901 |
|
|
|a BIBL3-2010-1
|
| 909 |
|
|
|a Σ
|b 161958
|
| 970 |
|
|
|a ΣΙΤΖΙΜΗ
|b ΓΙΑΣΕΜΗ
|z 2010/03/08
|